[Event "Villa Ballester op 73rd"]
[Site "Buenos Aires"]
[Date "2024.01.26"]
[Round "7"]
[White "Araoz, Claudio Alberto"]
[Black "Beredjiklian, Mariano"]
[Result "1/2-1/2"]
[WhiteElo "1759"]
[BlackElo "1896"]
[PlyCount "180"]
[EventDate "2024.01.19"]
[EventType "swiss"]
[EventRounds "9"]
[EventCountry "ARG"]
[SourceTitle "CB06_2024"]
[SourceDate "2024.02.07"]
[SourceVersion "1"]
[SourceVersionDate "2024.02.07"]
[SourceQuality "1"]

1. d4 e6 2. Bf4 d5 3. e3 Bd6 4. Bg3 Nf6 5. Nf3 0-0 6. Bd3 c5 7. c3 Qc7 8. Nbd2 Nbd7 9. Ne5 Nxe5 10. dxe5 Bxe5 11. Bxe5 Qxe5 12. 0-0 Bd7 13. a4 Bc6 14. Re1 Rad8 15. Qc2 h6 16. Rad1 Rfe8 17. Bb5 Qc7 18. Bxc6 Qxc6 19. c4 e5 20. cxd5 Nxd5 21. Ne4 b6 22. Ng3 Qe6 23. Qf5 Qxf5 24. Nxf5 Nb4 25. Nd6 Re7 26. Nc4 Rxd1 27. Rxd1 Nc6 28. Kf1 f6 29. Ke2 Kf8 30. Rd6 Rc7 31. b3 Ke7 32. h4 a6 33. Rd3 b5 34. axb5 axb5 35. Nd6 Na7 36. g4 h5 37. Nf5+ Ke6 38. Rd6+ Kf7 39. gxh5 c4 40. bxc4 bxc4 41. Kd2 c3+ 42. Kc2 Nb5 43. Ra6 Rd7 44. h6 gxh6 45. Nxh6+ Kg6 46. Ng4 Rd2+ 47. Kc1 Kh5 48. Nxf6+ Kxh4 49. Ne4 Re2 50. Ra5 Nd4 51. Nxc3 Nb3+ 52. Kd1 Rd2+ 53. Ke1 Rc2 54. Ra4+ Kg5 55. Ne4+ Kf5 56. Kd1 Rc7 57. Rb4 Na5 58. Ke2 Ke6 59. Rb6+ Rc6 60. Rb5 Nc4 61. Kd3 Nb6 62. f4 exf4 63. exf4 Nc8 64. f5+ Ke7 65. f6+ Rxf6 66. Nxf6 Kxf6 67. Kd4 Ne7 68. Ke4 Ke6 69. Rb6+ Kd7 70. Rh6 Nc6 71. Kd5 Ne7+ 72. Kc5 Nf5 73. Ra6 Ne7 74. Kd4 Nc6+ 75. Kc5 Ne7 76. Rf6 Kc7 77. Rf7 Kd7 78. Rh7 Ke6 79. Rh5 Kf6 80. Kd4 Nf5+ 81. Kc5 Ke5 82. Rh1 Ke4 83. Rf1 Ne3 84. Rf8 Nf5 85. Re8+ Kf4 86. Kd5 Ne3+ 87. Kd4 Nf5+ 88. Kd3 Nd6 89. Re1 Nf5 90. Re6 Ne3 1/2-1/2

[Event "Buenos Aires Ciudad de Nueve op 4th"]
[Site "Buenos Aires"]
[Date "2022.10.10"]
[Round "6"]
[White "Falcinelli, Oscar"]
[Black "Araoz, Claudio Alberto"]
[Result "1/2-1/2"]
[WhiteElo "1897"]
[BlackElo "1769"]
[PlyCount "54"]
[EventDate "2022.10.08"]
[EventType "swiss"]
[EventRounds "7"]
[EventCountry "ARG"]
[SourceTitle "EXT 2024"]
[Source "ChessBase"]
[SourceDate "2023.10.10"]
[SourceVersion "1"]
[SourceVersionDate "2023.10.10"]
[SourceQuality "1"]

1. d4 Nf6 2. Nf3 g6 3. c4 Bg7 4. Nc3 0-0 5. e4 d6 6. Be2 e5 7. 0-0 Nc6 8. d5 Ne7 9. Be3 Ng4 10. Bd2 f5 11. Ng5 Nf6 12. f3 f4 13. Be1 h6 14. Ne6 Bxe6 15. dxe6 Qe8 16. Bf2 g5 17. c5 dxc5 18. Bxc5 b6 19. Bxe7 Qxe7 20. Nd5 Nxd5 21. Qxd5 Rfd8 22. Qb3 Rd6 23. Rac1 Kh8 24. Bc4 c6 25. a4 Bf8 26. Qc3 Rd4 27. Kh1 Rad8 1/2-1/2

[Event "Buenos Aires La Porta Cup"]
[Site "Buenos Aires"]
[Date "2019.03.20"]
[Round "1"]
[White "Araoz, Claudio Alberto"]
[Black "Abregu, Miguel"]
[Result "0-1"]
[WhiteElo "1774"]
[BlackElo "2251"]
[PlyCount "38"]
[EventDate "2019.03.20"]
[EventType "swiss"]
[EventRounds "9"]
[EventCountry "ARG"]
[SourceTitle "CBM 189 Extra"]
[Source "ChessBase"]
[SourceDate "2019.06.03"]
[SourceVersion "1"]
[SourceVersionDate "2019.06.03"]
[SourceQuality "1"]

1. d4 Nf6 2. Bf4 e6 3. e3 c5 4. c3 d5 5. Bd3 Qb6 6. Qc1 Bd7 7. a4 c4 8. Bc2 Nc6 9. Nf3 Nh5 10. Nbd2 f5 11. b3 cxb3 12. Nxb3 Na5 13. Nfd2 Rc8 14. Qb2 Nxb3 15. Bxb3 Nxf4 16. exf4 Qc7 17. g3 Qxc3 18. Qxc3 Rxc3 19. 0-0 Bb4 0-1

[Event "Monte Grande FASGBA-ch"]
[Site "Monte Grande"]
[Date "2018.03.10"]
[Round "5.9"]
[White "Araoz, Claudio Alberto"]
[Black "Garzon, Enrique"]
[Result "0-1"]
[WhiteElo "1913"]
[BlackElo "2082"]
[PlyCount "80"]
[EventDate "2018.03.03"]
[EventType "swiss"]
[EventRounds "6"]
[EventCountry "ARG"]
[SourceTitle "EXT 2024"]
[Source "ChessBase"]
[SourceDate "2023.10.10"]
[SourceVersion "1"]
[SourceVersionDate "2023.10.10"]
[SourceQuality "1"]

1. d4 Nf6 2. Bf4 d5 3. Nf3 Bg4 4. e3 e6 5. Nbd2 Be7 6. Be2 Nh5 7. Ne5 Bxe2 8. Qxe2 Nxf4 9. exf4 0-0 10. 0-0 c5 11. c3 cxd4 12. cxd4 Qb6 13. Ndf3 Re8 14. Rfd1 Nc6 15. a3 a5 16. h4 a4 17. h5 h6 18. Rac1 Rac8 19. Qd3 Nxe5 20. Nxe5 Bd6 21. Qd2 Qb3 22. Rxc8 Rxc8 23. Rc1 Rd8 24. Rc3 Qb5 25. Qc2 Qe8 26. g4 f6 27. Ng6 Qd7 28. f3 Re8 29. Qe2 Bb8 30. b4 axb3 31. Rxb3 Ba7 32. Qb2 e5 33. fxe5 fxe5 34. Nxe5 Rxe5 35. Rxb7 Qa4 36. Kg2 Re8 37. Qb1 Qxd4 38. Qf5 Qf2+ 39. Kh3 Qf1+ 40. Kg3 Bf2+ 0-1

[Event "ARG-ch Amateur U2000"]
[Site "Torre Blanca"]
[Date "2016.12.10"]
[Round "7.8"]
[White "Araoz, Claudio Alberto"]
[Black "Luna, Nicolas"]
[Result "1/2-1/2"]
[WhiteElo "1822"]
[BlackElo "1899"]
[PlyCount "86"]
[EventDate "2016.12.08"]
[EventType "swiss"]
[EventRounds "9"]
[EventCountry "ARG"]
[SourceTitle "EXT 2024"]
[Source "ChessBase"]
[SourceDate "2023.10.10"]
[SourceVersion "1"]
[SourceVersionDate "2023.10.10"]
[SourceQuality "1"]

1. d4 Nf6 2. Nf3 d5 3. Bg5 Bf5 4. e3 e6 5. Be2 Nbd7 6. c4 Be7 7. 0-0 Ne4 8. Bf4 g5 9. Be5 f6 10. Bg3 c6 11. Nfd2 Nxg3 12. fxg3 Qc7 13. Rxf5 exf5 14. Bh5+ Kd8 15. cxd5 cxd5 16. Nc3 Nb6 17. Rc1 Qd7 18. Be2 Rc8 19. Bb5 Qe6 20. Qe2 Bb4 21. Ndb1 a6 22. Bd3 Nc4 23. Nxd5 Qxd5 24. Rxc4 Rxc4 25. Bxc4 Qc6 26. a3 Bd6 27. Nc3 h5 28. Bd3 h4 29. g4 h3 30. Qf3 Bxh2+ 31. Kf2 Qxf3+ 32. gxf3 Bf4 33. Bf1 h2 34. Bg2 Bxe3+ 35. Kxe3 h1Q 36. Bxh1 Rxh1 37. gxf5 Re1+ 38. Kf2 Re7 39. Ne4 Kc7 40. Nxf6 Rf7 41. Nd5+ Kd6 42. Ne3 b5 43. Kg3 Re7 1/2-1/2

[Event "ARG-ch 86th"]
[Site "La Plata"]
[Date "2012.07.07"]
[Round "5"]
[White "Araoz, Claudio Alberto"]
[Black "Rodriguez, Federico"]
[Result "1-0"]
[WhiteElo "1849"]
[BlackElo "1981"]
[PlyCount "47"]
[EventDate "2012.07.04"]
[EventType "swiss"]
[EventRounds "11"]
[EventCountry "ARG"]
[SourceTitle "CBM 149 Extra"]
[Source "ChessBase"]
[SourceDate "2012.08.24"]
[SourceVersion "1"]
[SourceVersionDate "2012.08.24"]
[SourceQuality "1"]

1. d4 f5 2. Bf4 g6 3. Nf3 d6 4. Nc3 Bg7 5. Qd2 c6 6. e4 Nf6 7. Bd3 fxe4 8. Nxe4 0-0 9. Ng3 Nbd7 10. 0-0-0 b5 11. h4 b4 12. h5 Qa5 13. Kb1 Nd5 14. Bc4 N7b6 15. Bb3 e6 16. Bxd6 Rd8 17. Be5 Ba6 18. hxg6 Nc4 19. gxh7+ Kf7 20. Qg5 Nxe5 21. Nxe5+ Bxe5 22. dxe5 Rh8 23. Bxd5 cxd5 24. Qf6+ 1-0

[Event "ARG-ch 85th"]
[Site "Buenos Aires"]
[Date "2010.07.10"]
[Round "6"]
[White "Lopez, Ricardo"]
[Black "Araoz, Claudio Alberto"]
[Result "1-0"]
[WhiteElo "2187"]
[BlackElo "1878"]
[PlyCount "39"]
[EventDate "2010.07.05"]
[EventType "swiss"]
[EventRounds "11"]
[EventCountry "ARG"]
[SourceTitle "CBM 137 Extra"]
[Source "ChessBase"]
[SourceDate "2010.09.01"]
[SourceVersion "1"]
[SourceVersionDate "2010.09.01"]
[SourceQuality "1"]

1. d4 Nf6 2. c4 g6 3. Nc3 Bg7 4. e4 d6 5. Be2 0-0 6. Bg5 c5 7. d5 e6 8. Nf3 Qa5 9. 0-0 exd5 10. cxd5 h6 11. Bh4 a6 12. a4 Nbd7 13. Nd2 Ne5 14. h3 Qb4 15. f4 Ned7 16. Nc4 Nb6 17. Nxd6 Qxb2 18. Rf3 Nh5 19. Rb1 Qa3 20. Rb3 1-0

[Event "ARG-ch 85th"]
[Site "Buenos Aires"]
[Date "2010.07.09"]
[Round "5"]
[White "Araoz, Claudio Alberto"]
[Black "Mazzoleni, Julio"]
[Result "1/2-1/2"]
[WhiteElo "1878"]
[BlackElo "2123"]
[PlyCount "103"]
[EventDate "2010.07.05"]
[EventType "swiss"]
[EventRounds "11"]
[EventCountry "ARG"]
[SourceTitle "CBM 137 Extra"]
[Source "ChessBase"]
[SourceDate "2010.09.01"]
[SourceVersion "1"]
[SourceVersionDate "2010.09.01"]
[SourceQuality "1"]

1. d4 Nc6 2. Nf3 d6 3. Bf4 g6 4. h3 Bg7 5. e3 Nf6 6. c3 0-0 7. Be2 a6 8. 0-0 Ne4 9. Nbd2 Nxd2 10. Nxd2 e5 11. Bh2 f5 12. f4 exd4 13. exd4 Kh8 14. Nf3 Ne7 15. Bg3 Nd5 16. Bh4 Qe8 17. Re1 Nxf4 18. Bxa6 Qf7 19. Re7 Qg8 20. Bf1 Rf7 21. Qe1 Rxe7 22. Qxe7 Nd5 23. Qe1 Bd7 24. c4 Re8 25. Qa5 Nb6 26. b3 Bc6 27. Qd2 Bxf3 28. gxf3 Nd7 29. Bf2 Qf8 30. a4 c5 31. Rd1 Bh6 32. Qd3 Bf4 33. dxc5 Nxc5 34. Bd4+ Kg8 35. Bxc5 dxc5 36. Kg2 Qe7 37. Qd7 Qg5+ 38. Kh1 Re7 39. Qd8+ Kg7 40. Rd7 Rxd7 41. Qxd7+ Kh6 42. Bg2 Be3 43. Qd3 f4 44. Qf1 Qe5 45. Qd1 Qc3 46. Bf1 b6 47. Be2 Bd4 48. Bd3 Be3 49. Be2 Bd4 50. Bd3 Kg5 51. Kh2 Be3 52. Be2 1/2-1/2